| 000 | 004750000a22001690004500 | ||
|---|---|---|---|
| 020 | _a0-8028-1827-7 | ||
| 041 | 0 | _aENG | |
| 082 | 0 | 4 | _aG 261 S8885d |
| 245 | 1 | 0 | _aDown to earth : Studies in christianity and culture / Robert T. Coote, John Stott, Editores |
| 260 | _aGrand Rapids, MI., USA : Eerdmans | ||
| 300 | _a342 Pag | ||
| 001 | 6754 | ||
| 942 | _cBK | ||
| 999 |
_c37019 _d37019 |
||
| 336 |
_atexto _btxt _2rdacontent |
||
| 337 |
_2rdamedia _asin mediación _bn |
||
| 338 |
_2rdacarrier _avolumen _bnc |
||